000 00851nab a2200253 u 4500
001 15865
003 HDC
007 cr bn ---aaaaa
008 210219c20110111xx dr|noo 0 a eng d
040 _aHDC
100 _aByrne, Jane
_eauthor
_915876
245 0 _aKellogg's backs research into cereal-derived prebiotics / by
_cJane Byrne
260 _a[No place] :
_b[publisher not identified],
_c2011
336 _atext
_2rdacontent
337 _acomputer
_2rdamedia
338 _aonline resource
_2rdacarrier
650 _acereal-derived prebiotics
_915877
650 _anutrition
_91968
710 _aBakery
856 _zRequest full-text at [email protected]
942 _2lcc
942 _cNEWS
942 _kNWSO 005603
999 _c13181
_d13181